Design and Analysis of Algorithms (Record no. 8500)
[ view plain ]
| 000 -LEADER | |
|---|---|
| fixed length control field | 00380nam a22001337a 4500 |
| 008 - FIXED-LENGTH DATA ELEMENTS--GENERAL INFORMATION | |
| fixed length control field | 200220b ||||| |||| 00| 0 eng d |
| 020 ## - INTERNATIONAL STANDARD BOOK NUMBER | |
| International Standard Book Number | 9789382609438 |
| 082 ## - | |
| Classification number | 005.12 SHD |
| 100 ## - MAIN ENTRY--PERSONAL NAME | |
| Personal name | SHARMA, Gajendra |
| 245 ## - TITLE STATEMENT | |
| Title | Design and Analysis of Algorithms |
| 250 ## - EDITION STATEMENT | |
| Edition statement | 4th Revised & Enlarged Edition |
| Remainder of edition statement | 2019 |
| 260 ## - PUBLICATION, DISTRIBUTION, ETC. (IMPRINT) | |
| Place of publication, distribution, etc | New Delhi |
| Name of publisher, distributor, etc | Khanna Book Publishing Co. (P) Ltd. |
| Withdrawn status | Lost status | Source of classification or shelving scheme | Damaged status | Koha normalized classification for sorting | Not for loan | Koha collection | Location (home branch) | Sublocation or collection (holding branch) | Date acquired | Source of acquisition | Currency | Cost, normal purchase price | Bill Number | Koha issues (times borrowed) | Koha full call number | Piece designation (barcode) | Koha date last seen | Koha date last borrowed | Copy number | Actual Cost, discounted price | Bill Date | Koha item type |
|---|---|---|---|---|---|---|---|---|---|---|---|---|---|---|---|---|---|---|---|---|---|---|
| Dewey Decimal Classification | 005_120000000000000_SHD | B.Tech(CSE) | PIET C-LIBRARY | PIET C-LIBRARY | 20/02/2020 | KIRTI PRAKASHAN NEW DELHI | IN Rupees | 425.00 | IN6150 | 23 | 005.12 SHD | 31683 | 27/01/2026 | 21/07/2025 | 1 | 310.25 | 23/01/2020 | Text Books |